| 000 | 00897nam a22002657a 4500 | ||
|---|---|---|---|
| 001 | 5877 | ||
| 003 | FISKH | ||
| 005 | 20250318154034.0 | ||
| 008 | 250127b cb ||||| |||| 00| 0 eng d | ||
| 020 | _a0356071103 | ||
| 040 |
_aFISKH _beng _cFISKH _dFISKH |
||
| 050 | _aPZ7 | ||
| 082 | _a553.7 | ||
| 100 | _aGunston, Bill | ||
| 245 |
_aWater / _cBy Bill Gunston |
||
| 250 | _aFirst published 1980 | ||
| 260 |
_aLondon : _bMacdonlad Education , _c1980. |
||
| 300 |
_a48 pages : _bcolor illustrations ; _c29 cm . |
||
| 520 | _aDiscusses the many aspects of water, such as flotation; steam; the water cycle; groundwater; oceans; water in the body, home, and industry; and water power. Includes a glossary, facts, and reference material | ||
| 650 |
_ascience _vNon-fiction |
||
| 650 |
_awater _vNon-fiction |
||
| 700 |
_aRowlstone, John _eEditor |
||
| 942 |
_2ddc _cBK _n0 |
||
| 999 |
_c5877 _d5877 |
||